[Event "Lovsprings op 10th D"]
[Site "Ringsted"]
[Date "1998.05.29"]
[Round "7"]
[White "Dinesen, Henrik"]
[Black "Christensen, Knud"]
[Result "1-0"]
[WhiteElo "1117"]
[BlackElo "1285"]
[PlyCount "63"]
[EventDate "1998.03.13"]
[EventType "swiss"]
[EventRounds "7"]
[EventCountry "DEN"]
[SourceTitle "EXT 2023"]
[Source "ChessBase"]
[SourceDate "2022.10.05"]
[SourceVersion "1"]
[SourceVersionDate "2022.10.05"]
[SourceQuality "1"]

1. d4 d5 2. Nf3 Nf6 3. Bf4 e6 4. Nbd2 Nc6 5. e3 Be7 6. c4 0-0 7. a3 a5 8. Bd3 b6 9. Qc2 g6 10. h4 Nh5 11. Bh6 Re8 12. g4 Ng7 13. 0-0-0 f5 14. Rdg1 Kf7 15. h5 g5 16. Bxg7 Kxg7 17. gxf5 h6 18. fxe6 Bxe6 19. Bh7 Bf7 20. Bg6 Qd6 21. Bxf7 Kxf7 22. cxd5 Nxd4 23. Nxd4 Qc5 24. Qxc5 Bxc5 25. Nf5 Bf8 26. e4 a4 27. Rh3 Ra5 28. Rc3 Ra7 29. Rc6 Re5 30. Nxh6+ Bxh6 31. Rxh6 Ra8 32. Rh7+ 1-0